| 000 -LEADER |
| fixed length control field |
01565nam a22001457a 4500 |
| 008 - FIXED-LENGTH DATA ELEMENTS--GENERAL INFORMATION |
| fixed length control field |
230914b ||||| |||| 00| 0 eng d |
| 100 ## - MAIN ENTRY--PERSONAL NAME |
| Personal name |
Mierlo, Trix van |
| 245 ## - TITLE STATEMENT |
| Title |
Attrition as a bottom-up pathway to subnational democratization |
| 260 ## - PUBLICATION, DISTRIBUTION, ETC. (IMPRINT) |
| Place of publication, distribution, etc |
International Politic al Science Review |
| 300 ## - PHYSICAL DESCRIPTION |
| Extent |
44(2), Mar, 2023: p.262-276 |
| 520 ## - SUMMARY, ETC. |
| Summary, etc |
Oftentimes, democracy is not spread out evenly over the territory of a country. Instead, pockets of authoritarianism can persist within a democratic system. A growing body of literature questions how such subnational authoritarian enclaves can be democratized. Despite fascinating insights, all existing pathways rely on the actions of elites and are therefore top-down. This article seeks to kick-start the discussion on a bottom-up pathway to subnational democratization, by proposing the attrition mechanism. This mechanism consists of four parts and is the product of abductive inference through theory-building causal process tracing. The building blocks consist of subnational democratization literature, social movement theory, and original empirical data gathered during extensive field research. This case study focuses on the ‘Dynasty Slayer’ in the province of Isabela, the Philippines, where civil society actors used the attrition mechanism to facilitate subnational democratization. This study implies that civil society actors in subnational authoritarian enclaves have agency. – Reproduced |
| 773 ## - HOST ITEM ENTRY |
| Main entry heading |
International Politic al Science Review |
| 906 ## - LOCAL DATA ELEMENT F, LDF (RLIN) |
| Subject DIP |
DEMOCRACY |
| 942 ## - ADDED ENTRY ELEMENTS (KOHA) |
| Item type |
Articles |